Negocios internacionales: ambientes y operaciones

Gespeichert in:
Bibliographische Detailangaben
Hauptverfasser: Daniels, John D (VerfasserIn), Radebaugh, Lee H (VerfasserIn), Sullivan, Daniel P (VerfasserIn)
Format: Buch
Sprache:Spanisch
Veröffentlicht: Ciudad de México Pearson Educación 2004
Ausgabe:10a. ed
Schlagworte:
Tags: Tag hinzufügen
Keine Tags, Fügen Sie den ersten Tag hinzu!

MARC

LEADER 00000cam a2200000 a 4500
001 UCK1560
003 CL-VaPUC
008 041119e20040000MX |||||||||||||||||spa|d
020 |a 970260527X 
082 0 4 |a 658.18  |b DAN  |2 21 
100 0 |a Daniels, John D  |e author  |9 489433 
700 0 |a Radebaugh, Lee H  |e author  |9 489434 
700 0 |a Sullivan, Daniel P  |e author  |9 489435 
245 1 0 |a Negocios internacionales: ambientes y operaciones 
250 |a 10a. ed 
300 |a 701 p 
942 |c BK 
945 |d 20041119 00:00:00  |a vberengu 
260 |a Ciudad de México  |b Pearson Educación  |c 2004 
650 0 |a Administración de empresas   |9 260833 
650 7 |a COMERCIO INTERNACIONAL  |2 CL-VaPUC  |9 489436 
650 0 |a Inversiones  |9 345867 
650 0 |a Relaciones Internacionales  |9 255740 
650 0 |a Política internacional  |9 255813 
583 |a last modification  |c 20170525 12:31:01  |k Rodrigo Vera 
999 |c 311470  |d 311468 
952 |0 0  |1 0  |4 0  |6 658_180000000000000_DAN_2004  |7 0  |8 A  |9 380863  |a BIBENE  |b BIBENE  |d 2019-11-21  |i 4079647  |o 658.18 DAN 2004  |p 4079647  |r 2025-01-15  |w 2019-11-21  |y BK  |k ICO 
952 |0 0  |1 0  |4 0  |6 658_180000000000000_DAN_2004  |7 0  |8 A  |9 380864  |a BIBING  |b BIBING  |d 2019-11-21  |i 4310500  |o 658.18 DAN 2004  |p 4310500  |r 2025-01-20  |w 2019-11-21  |y BK  |k TRA